Parks and Rec Character Photo Quiz - Statistics

General Stats
  • This quiz has been taken 32 times
  • The average score is 13 of 16
Answer Stats
Picture Answer % Correct
Ron Swanson
100%
Leslie Knope
96%
Andy Dwyer
93%
April Ludgate
93%
Ben Wyatt
89%
Tom Haverford
89%
Ann Perkins
86%
Jean-Ralphio
86%
Donna Meagle
82%
Jeremy Jamm
82%
Mona-Lisa
82%
Chris Traeger
79%
Mark
79%
Jerry Gergich
75%
Bobby Newport
61%
Craig Middlebrooks
43%
No matching quizzes found
Score Distribution
Percent of People with Each Score
Percentile by Number Answered
Your Score History
You have not taken this quiz